logo

Bir Sreshtho Munshi Abdur Rouf Library
Jhenaidah Cadet College

Overcoming world hunger / (Record no. 7127)

MARC details
000 -LEADER
fixed length control field 00912cam a2200289 4500
001 - CONTROL NUMBER
JCCL Control Number 7127
003 - CONTROL NUMBER IDENTIFIER
JCCL marc code BD-JhCC
005 - DATE AND TIME OF LATEST TRANSACTION
control field 20180205123601.0
008 - FIXED-LENGTH DATA ELEMENTS--GENERAL INFORMATION
fixed length control field 700629s1969 couc 100 0 eng
035 ## - SYSTEM CONTROL NUMBER
system control number (BD-JhCC)
040 ## - CATALOGING SOURCE
Original cataloging agency DLC
Transcribing agency DLC
Modifying agency DLC
041 ## - LANGUAGE CODE
Language code of Book eng
050 00 - LIBRARY OF CONGRESS CALL NUMBER
Classification number HD9000.1
Item number .A485 1969
082 00 - DEWEY DECIMAL CLASSIFICATION NUMBER
Classification number 338.1
Author mark and Year HAR 1969
100 ## - MAIN ENTRY--PERSONAL NAME
Personal name M. Hardin
111 2# - MAIN ENTRY--MEETING NAME
Meeting name or jurisdiction name as entry element Air Force Academy Assembly,
Number [OBSOLETE] 11th,
Location of meeting U.S. Air Force Academy,
Date of meeting 1969.
245 10 - TITLE STATEMENT
Title Overcoming world hunger /
Remainder of title proceedings.
Statement of responsibility, etc M. Hardin
260 ## - PUBLICATION, DISTRIBUTION, ETC. (IMPRINT)
Place of publication, distribution, etc [Colorado Springs,
Date of publication, distribution, etc 1969]
300 ## - PHYSICAL DESCRIPTION
Pagination 83 p. :
Other physical details ports.
Dimensions 21 cm.
500 ## - GENERAL NOTE
General note "Co-sponsored by the American Assembly, Columbia University, New York, and the United States Air Force Academy."
650 #0 - SUBJECT ADDED ENTRY--TOPICAL TERM
Topical term or geographic name as entry element Food supply
General subdivision Congresses.
650 #0 - SUBJECT ADDED ENTRY--TOPICAL TERM
Topical term or geographic name as entry element Population
General subdivision Congresses.
710 2# - ADDED ENTRY--CORPORATE NAME
Corporate name or jurisdiction name as entry element American Assembly.
710 2# - ADDED ENTRY--CORPORATE NAME
Corporate name or jurisdiction name as entry element United States Air Force Academy.
942 ## - ADDED ENTRY ELEMENTS (KOHA)
Source of classification or shelving scheme Dewey Decimal Classification
Koha item type Books
Holdings
Source of classification or shelving scheme Damaged status Not for loan Home library Current library Shelving location Date of accession Total Checkouts Full call number Barcode Date last seen Copy number Koha item type
Dewey Decimal Classification     JCC Rouf Library JCC Rouf Library General Stacks 02/05/2018   338.1 HAR 1969 9701 02/05/2018 C - 1 Books

JCC Library | Contacts | JCC Home

Last Update on 23 September 2017
Copyright @ 2017-2020 JCC Rouf Library
Rouf Library, Jhenidah Cadet College (JCC), Bangladesh